000 00391nam a2200157Ia 4500
008 230524s9999 xx 000 0 und d
082 _a621.38
_bRAJ
100 _aR.K.Rajput
245 0 _aElectrical Machines in S.I.Units
250 _a4TH
260 _aNEW DELHI
_bLaxmi Publications
_c2007
300 _aXVII;716
500 _aQuantity Number: 4
650 _aElectrical
942 _cBK
999 _c37452
_d37452